[Event "ICS rated blitz match"]
[Site "204.178.125.65"]
[Date "2000.05.08"]
[Round "?"]
[White "Hossa"]
[Black "TuHoang"]
[Result "1-0"]
[WhiteElo "2513"]
[BlackElo "2387"]
[PlyCount "60"]
[EventDate "2000.??.??"]

1. e4 e5 2. Nf3 Nc6 3. Nc3 Nf6 4. Nxe5 Nxe5 5. d4 Nc6 6. d5 Ne5 7. f4 Ng6 8. e5
Ng8 9. d6 Nh6 10. Nb5 cxd6 11. exd6 Qb6 12. Nc7+ Kd8 13. Nxa8 Qxd6 14. Qxd6
Bxd6 15. g3 Re8+ 16. Kd2 b6 17. Bg2 Ng4 18. Kc3 Re2 19. Bf3 Rxh2 20. Rd1 Rh3
21. Rxd6 Rxg3 22. Rd3 Nf2 23. Re3 Nxf4 24. Kd2 Ne6 25. Bd5 Rg5 26. c4 Ng4 27.
Ra3 Nf6 28. Bxe6 fxe6 29. Rxa7 Ne4+ 30. Ke2 Nd6 1-0

[Event "ICS rated blitz match"]
[Site "204.178.125.65"]
[Date "2000.05.08"]
[Round "?"]
[White "TuHoang"]
[Black "Hossa"]
[Result "0-1"]
[WhiteElo "2377"]
[BlackElo "2523"]
[PlyCount "178"]
[EventDate "2000.??.??"]

1. e4 e5 2. Nf3 Nc6 3. Bb5 a6 4. Ba4 Nf6 5. O-O Be7 6. Re1 b5 7. Bb3 d6 8. c3
O-O 9. d4 Bg4 10. d5 Na5 11. Bc2 c6 12. h3 Bc8 13. dxc6 Qc7 14. Nbd2 Qxc6 15.
Nf1 Nc4 16. Ng3 Be6 17. a4 Rfc8 18. Ng5 Qc7 19. Nxe6 fxe6 20. Bb3 Rf8 21. Qe2
Qc6 22. f3 Bd8 23. Kh2 Bb6 24. Rd1 Ba7 25. Qd3 d5 26. Qe2 Qc7 27. Kh1 Bc5 28.
Bg5 Rad8 29. axb5 axb5 30. Ra6 Rd6 31. Rxd6 Qxd6 32. Bxf6 gxf6 33. exd5 exd5
34. Ne4 Qc6 35. Nxc5 Qxc5 36. Kh2 Ra8 37. Qd3 Rd8 38. Qf5 Qe7 39. Bxc4 bxc4 40.
Qc2 Qb7 41. Rd2 Kh8 42. Qf5 Qf7 43. Re2 Rg8 44. f4 e4 45. Rd2 Rd8 46. Qg4 Qb7
47. Qe6 Kg7 48. Qg4+ Kf8 49. Qf5 Qf7 50. Kh1 Ke7 51. Kg1 h6 52. Kf2 Kf8 53. Kf1
Rd7 54. Kf2 Ke7 55. Kf1 Kd8 56. Rd1 Kc7 57. Ra1 Kb6 58. Qg4 Rb7 59. Qd1 Kc7 60.
Ra2 Kd7 61. Ra5 Kd6 62. Ra6+ Kc7 63. Qd2 h5 64. Kg1 f5 65. Qd4 Kb8 66. Qe5+ Rc7
67. Rf6 Qd7 68. Rxf5 h4 69. Rh5 Qb5 70. Rh7 Qa5 71. Rxh4 Kb7 72. Kh2 Rd7 73.
Rh6 Qa1 74. f5 Qxb2 75. Qe6 Qb5 76. f6 Rd8 77. f7 Qc5 78. Qa6+ Kc7 79. Qe6 Kb7
80. Rh7 Rf8 81. Rh6 Rd8 82. Qf6 Rf8 83. Qe6 Rd8 84. Rh5 Qc7+ 85. g3 Qc5 86. Rf5
Rf8 87. Rxd5 Qf2+ 88. Kh1 Qf1+ 89. Kh2 Qf2+ 0-1

[Event "ICS rated blitz match"]
[Site "204.178.125.65"]
[Date "2000.05.08"]
[Round "?"]
[White "Hossa"]
[Black "TuHoang"]
[Result "1-0"]
[WhiteElo "2533"]
[BlackElo "2367"]
[PlyCount "55"]
[EventDate "2000.??.??"]

1. e4 e5 2. Nf3 Nc6 3. Nc3 Nf6 4. Nxe5 Nxe5 5. d4 Ng6 6. e5 Ng8 7. Bc4 d6 8.
Qf3 Qe7 9. Bb5+ Kd8 10. O-O c6 11. exd6 Qxd6 12. Ne4 Qc7 13. Bc4 f6 14. Re1 Bd7
15. Bf7 Bc8 16. Bc4 b6 17. Qb3 N8e7 18. Bd2 Bd7 19. Ba6 Nf5 20. Qd3 Nd6 21. Ng3
b5 22. a4 Nc4 23. axb5 cxb5 24. Bc1 Bd6 25. Nf1 Re8 26. Rxe8+ Kxe8 27. Qe4+ Kf7
28. Qd5+ {TuHoang resigns} 1-0

[Event "ICS rated blitz match"]
[Site "204.178.125.65"]
[Date "2000.05.08"]
[Round "?"]
[White "TuHoang"]
[Black "Hossa"]
[Result "1/2-1/2"]
[WhiteElo "2358"]
[BlackElo "2542"]
[PlyCount "64"]
[EventDate "2000.??.??"]

1. e4 e5 2. Nf3 Nc6 3. Bb5 a6 4. Bxc6 dxc6 5. O-O Bg4 6. d3 Bd6 7. h3 Bxf3 8.
Qxf3 Nf6 9. Bg5 Be7 10. Nd2 O-O 11. Nc4 Nd7 12. Be3 Bd6 13. Qg3 Qe7 14. f4 b5
15. fxe5 Nxe5 16. Nxd6 cxd6 17. b3 a5 18. a4 b4 19. Rf5 Rae8 20. Raf1 d5 21.
Bh6 Qa7+ 22. Be3 Qe7 23. exd5 cxd5 24. Bd4 f6 25. Bxe5 fxe5 26. Rxf8+ Rxf8 27.
Rxf8+ Kxf8 28. Qf3+ Qf7 29. Qe3 Qc7 30. Qf3+ Qf7 31. Qe3 Qc7 32. Qf3+ Qf7
1/2-1/2

[Event "ICS rated blitz match"]
[Site "204.178.125.65"]
[Date "2000.05.08"]
[Round "?"]
[White "Hossa"]
[Black "Hiede"]
[Result "1-0"]
[WhiteElo "2534"]
[BlackElo "2033"]
[PlyCount "53"]
[EventDate "2000.??.??"]

1. e4 c5 2. Nf3 Nc6 3. d4 cxd4 4. Nxd4 e5 5. Nb5 d6 6. N1c3 a6 7. Na3 b5 8. Nd5
Be7 9. c4 b4 10. Nc2 a5 11. Bd3 Nf6 12. O-O O-O 13. Be3 Rb8 14. b3 Ng4 15. Bc1
Bg5 16. Bxg5 Qxg5 17. f3 Nh6 18. Rf2 f5 19. exf5 Nxf5 20. Bxf5 Bxf5 21. Nde3
Rbd8 22. Qd5+ Kh8 23. Nxf5 Rxf5 24. Qxc6 Rdf8 25. Qxd6 e4 26. Raf1 e3 27. Re2 {
Hiede resigns} 1-0

[Event "ICS rated blitz match"]
[Site "204.178.125.65"]
[Date "2000.05.08"]
[Round "?"]
[White "WICKER-MAN"]
[Black "Hossa"]
[Result "0-1"]
[WhiteElo "2011"]
[BlackElo "2536"]
[PlyCount "40"]
[EventDate "2000.??.??"]

1. e4 e5 2. d4 exd4 3. c3 dxc3 4. Bc4 cxb2 5. Bxb2 d5 6. Bxd5 Nf6 7. Bxf7+ Kxf7
8. Qxd8 Bb4+ 9. Qd2 Bxd2+ 10. Nxd2 Re8 11. Ngf3 Nc6 12. O-O Bg4 13. Ng5+ Kg6
14. h4 Rad8 15. f3 Rxd2 16. Bc1 Rd7 17. fxg4 Nxg4 18. Rf5 Nd4 19. h5+ Kxh5 20.
Nxh7+ Nxf5 {WICKER-MAN resigns} 0-1

[Event "ICS rated blitz match"]
[Site "204.178.125.65"]
[Date "2000.05.08"]
[Round "?"]
[White "Hossa"]
[Black "WICKER-MAN"]
[Result "1-0"]
[WhiteElo "2537"]
[BlackElo "2010"]
[PlyCount "41"]
[EventDate "2000.??.??"]

1. e4 e5 2. Nf3 d6 3. d4 Nf6 4. Nc3 Nbd7 5. Bc4 Be7 6. O-O O-O 7. Qe2 c6 8. a4
Qc7 9. h3 b6 10. Rd1 Bb7 11. dxe5 dxe5 12. Be3 Nc5 13. a5 Rad8 14. Rxd8 Rxd8
15. Ng5 Rf8 16. b4 Ncd7 17. Bxf7+ Rxf7 18. Qc4 Nd5 19. Nxd5 b5 20. Nxe7+ Kf8
21. Qxf7# 1-0

[Event "ICS rated blitz match"]
[Site "204.178.125.65"]
[Date "2000.05.08"]
[Round "?"]
[White "WICKER-MAN"]
[Black "Hossa"]
[Result "0-1"]
[WhiteElo "2009"]
[BlackElo "2538"]
[PlyCount "74"]
[EventDate "2000.??.??"]

1. e4 e5 2. f4 exf4 3. Nf3 g5 4. Bc4 g4 5. O-O gxf3 6. Qxf3 Qf6 7. c3 Nc6 8. d4
Nxd4 9. Bxf7+ Qxf7 10. cxd4 Bg7 11. e5 Ne7 12. Bxf4 Nc6 13. Qe3 Qc4 14. Rd1 O-O
15. Nc3 d6 16. Rac1 Bg4 17. Rd2 dxe5 18. Bh6 exd4 19. Qg5 Qf7 20. Nd5 Kh8 21.
Bxg7+ Qxg7 22. Qxg7+ Kxg7 23. Nxc7 Rac8 24. Nb5 Rcd8 25. h3 Be6 26. a3 Bc8 27.
Rcd1 Rf4 28. Kh2 a6 29. Kg3 Re4 30. Nc3 dxc3 31. Rxd8 Nxd8 32. bxc3 Nc6 33. Rd5
Ra4 34. Rg5+ Kh8 35. Kf3 Rxa3 36. Rc5 b6 37. Rc4 Ne5+ {WICKER-MAN resigns} 0-1

[Event "ICS rated bullet match"]
[Site "204.178.125.65"]
[Date "2000.05.08"]
[Round "?"]
[White "JSBach"]
[Black "Hossa"]
[Result "0-1"]
[WhiteElo "2159"]
[BlackElo "2289"]
[PlyCount "130"]
[EventDate "2000.??.??"]

1. d4 d5 2. Bf4 c5 3. dxc5 Nf6 4. Nc3 d4 5. Na4 Qa5+ 6. c3 Bd7 7. c6 Bxc6 8. b3
b5 9. Qxd4 bxa4 10. Rd1 axb3 11. axb3 Nbd7 12. b4 Qa2 13. Bc7 Ba4 14. Rc1 Nd5
15. Bg3 Qa3 16. Bf4 Nxf4 17. Qxf4 Nf6 18. Nf3 Rc8 19. e4 Nxe4 20. Ne5 Nd6 21.
Qe3 f6 22. Ba6 fxe5 23. Bxc8 Nc4 24. Qg5 h6 25. Qg6+ Kd8 26. O-O Nd2 27. Ra1
Qxc3 28. Rfc1 Qb2 29. Ba6 Bd7 30. Rd1 e6 31. Qf7 Bxb4 32. Qxg7 Rf8 33. Rac1
Rxf2 34. Kxf2 Qd4+ 35. Kg3 Qf4+ 36. Kh3 Qf5+ 37. g4 Qf3+ 38. Kh4 Be7+ 39. Qxe7+
Kxe7 40. Rxd2 Qf6+ 41. Kh3 Qf4 42. Rdc2 Qf3+ 43. Kh4 e4 44. h3 Qf6+ 45. Kg3
Qe5+ 46. Kg2 e3 47. Kf3 Qd4 48. Ke2 Qf4 49. Bc4 Bc6 50. Ra2 a5 51. Ke1 Bf3 52.
Be2 Qg3+ 53. Kd1 Qf2 54. Bxf3 Qxa2 55. Rc7+ Kd8 56. Rc2 Qb1+ 57. Ke2 Qxc2+ 58.
Kxe3 a4 59. Be4 Qb3+ 60. Bd3 a3 61. h4 a2 62. g5 a1=Q 63. gxh6 Qe1+ 64. Kf4
Qxd3 65. Kg5 Qf5# {JSBach checkmated} 0-1

[Event "ICS rated blitz match"]
[Site "204.178.125.65"]
[Date "2000.05.08"]
[Round "?"]
[White "Hossa"]
[Black "wonone"]
[Result "1-0"]
[WhiteElo "2539"]
[BlackElo "1992"]
[PlyCount "51"]
[EventDate "2000.??.??"]

1. e4 b6 2. d4 Bb7 3. Bd3 c5 4. dxc5 bxc5 5. Nf3 e6 6. Nc3 Nc6 7. O-O Nf6 8. e5
Nd5 9. Bd2 Be7 10. Be4 Nxc3 11. Bxc3 O-O 12. Qd3 h6 13. Rfd1 Bc8 14. Rd2 Qc7
15. Rad1 Rd8 16. Bxc6 Qxc6 17. Ba5 Re8 18. a3 Bd8 19. Bxd8 Rxd8 20. Qc4 Ba6 21.
Qh4 Bb7 22. Qe7 Re8 23. Qxd7 Qe4 24. Qb5 c4 25. Rd4 Qe2 26. Qxb7 {
wonone resigns} 1-0

[Event "ICS rated blitz match"]
[Site "204.178.125.65"]
[Date "2000.05.08"]
[Round "?"]
[White "zeppi"]
[Black "Hossa"]
[Result "0-1"]
[WhiteElo "1129"]
[BlackElo "2540"]
[PlyCount "72"]
[EventDate "2000.??.??"]

1. e4 e5 2. f4 exf4 3. Nf3 g5 4. h3 Nc6 5. Bb5 Nh6 6. Qe2 a6 7. Bc4 d6 8. c3
Na5 9. Bd3 Bg7 10. Na3 Nc6 11. Nh2 g4 12. Nxg4 Nxg4 13. hxg4 Ne5 14. Rf1 Bxg4
15. Rf3 Qh4+ 16. Qf2 Qxf2+ 17. Kxf2 Bxf3 18. gxf3 Nxd3+ 19. Ke2 Nxc1+ 20. Rxc1
f5 21. exf5 O-O 22. d3 Rae8+ 23. Kd2 Rxf5 24. Nc4 d5 25. Na3 Rg5 26. Rf1 Rg2+
27. Kd1 Rxb2 28. c4 Bf8 29. Rg1+ Kh8 30. Nc2 Rb1+ 31. Kd2 Rxg1 32. a4 dxc4 33.
dxc4 Rd8+ 34. Kc3 Bg7+ 35. Kb4 Rb1+ 36. Kc5 Bf8# {zeppi checkmated} 0-1

[Event "ICS rated blitz match"]
[Site "204.178.125.65"]
[Date "2000.05.08"]
[Round "?"]
[White "Hossa"]
[Black "TerraPi"]
[Result "1-0"]
[WhiteElo "2540"]
[BlackElo "1899"]
[PlyCount "109"]
[EventDate "2000.??.??"]

1. c4 c5 2. Nf3 b6 3. e3 Nf6 4. d4 cxd4 5. exd4 e6 6. Nc3 d6 7. Bd3 Be7 8. Bg5
Bb7 9. O-O Nc6 10. d5 exd5 11. cxd5 Ne5 12. Nxe5 dxe5 13. Bxf6 Bxf6 14. Qa4+
Kf8 15. Ba6 Bxa6 16. Qxa6 Qc8 17. Qa4 Qc5 18. Rfd1 Rd8 19. Qxa7 Qb4 20. Rab1
Be7 21. Re1 Qd6 22. Qa4 Kg8 23. Rbd1 Qf6 24. Ne4 Qg6 25. d6 Bh4 26. Qb4 Rb8 27.
g3 Bd8 28. Qc4 Qf5 29. Qc6 Qe6 30. Nc3 Rc8 31. Qb7 Rc5 32. f4 f6 33. fxe5 fxe5
34. Rf1 g6 35. a3 h6 36. Qf3 Kh7 37. b4 Rc4 38. Qb7+ Kg8 39. Nb5 Rc2 40. Qa8
Kh7 41. Qe4 Rb2 42. Qb7+ Kg8 43. Nc7 Qa2 44. Qc6 h5 45. Qe8+ Kh7 46. Rf7+ Qxf7
47. Qxf7+ Kh6 48. Ne6 Bf6 49. Qxf6 Rg8 50. Qf7 h4 51. Qxg8 Rg2+ 52. Kxg2 h3+
53. Kxh3 g5 54. Qxg5+ Kh7 55. Qg7# {TerraPi checkmated} 1-0

[Event "ICS rated standard match"]
[Site "204.178.125.65"]
[Date "2000.05.08"]
[Round "?"]
[White "Hossa"]
[Black "Hamstersmate"]
[Result "1-0"]
[WhiteElo "2372"]
[BlackElo "2188"]
[PlyCount "49"]
[EventDate "2000.??.??"]

1. e4 e5 2. Nf3 Nc6 3. Nc3 Nf6 4. Nxe5 Nxe5 5. d4 Ng6 6. e5 Ng8 7. Bc4 d6 8.
Qf3 Qd7 9. O-O dxe5 10. dxe5 Nxe5 11. Re1 Bd6 12. Bf4 f6 13. Bb5 c6 14. Rad1
Qe7 15. Bxe5 Bxe5 16. Bxc6+ bxc6 17. Qxc6+ Bd7 18. Qxa8+ Kf7 19. Nd5 Qc5 20.
Qb7 Qc6 21. Qxa7 Kg6 22. Nb4 Qb5 23. Rxd7 Qxb4 24. Rxg7+ Kh6 25. Re3 1-0

[Event "ICS rated blitz match"]
[Site "204.178.125.65"]
[Date "2000.05.08"]
[Round "?"]
[White "D-Zagorskis"]
[Black "Hossa"]
[Result "0-1"]
[WhiteElo "2458"]
[BlackElo "2541"]
[PlyCount "82"]
[EventDate "2000.??.??"]

1. Nf3 d5 2. d3 Nf6 3. Nbd2 Nc6 4. e4 e5 5. Be2 Bd6 6. O-O O-O 7. c3 Be6 8. a3
Qd7 9. b4 a5 10. Bb2 dxe4 11. dxe4 Rfd8 12. Qc2 Nh5 13. g3 Bh3 14. Rfd1 Nf4 15.
Nc4 Qg4 16. b5 Ne7 17. Nxd6 cxd6 18. c4 Neg6 19. Re1 Nxe2+ 20. Qxe2 Nf4 21. Qd1
Ng2 22. Rf1 Rac8 23. Rc1 b6 24. Rc3 Rc5 25. Nd2 Qg5 26. Bc1 Qe7 27. f3 Rc7 28.
Rf2 f5 29. Rxg2 Bxg2 30. Kxg2 Qf6 31. Qe2 f4 32. g4 h5 33. h3 hxg4 34. h4 g3
35. Qf1 Qxh4 36. Qh1 g5 37. Qxh4 gxh4 38. a4 Rg7 39. Ba3 h3+ 40. Kxh3 g2 41.
Rc1 Kf7 {D-Zagorskis resigns} 0-1

[Event "ICS rated standard match"]
[Site "204.178.125.65"]
[Date "2000.05.08"]
[Round "?"]
[White "Dovregubben"]
[Black "Hossa"]
[Result "1-0"]
[WhiteElo "2398"]
[BlackElo "2375"]
[PlyCount "93"]
[EventDate "2000.??.??"]

1. e4 e5 2. Nf3 Nc6 3. Bb5 a6 4. Ba4 Nf6 5. O-O Be7 6. Re1 b5 7. Bb3 d6 8. c3
O-O 9. h3 Bb7 10. d4 Re8 11. Ng5 Rf8 12. Nf3 Re8 13. a4 Na5 14. dxe5 Nxb3 15.
Qxb3 Nxe4 16. e6 Rf8 17. exf7+ Rxf7 18. Be3 Qd7 19. Nbd2 Bf6 20. Nxe4 Bxe4 21.
Nd2 Bc6 22. axb5 axb5 23. Rxa8+ Bxa8 24. Ra1 Qc6 25. f3 Qe8 26. Bf2 Bg5 27. Re1
Qb8 28. Ne4 Bf4 29. Ng3 d5 30. Ne2 Bd6 31. Nd4 c6 32. Qc2 Bh2+ 33. Kh1 Rf8 34.
Ne6 Re8 35. Qf5 Bc7 36. Ng5 Rxe1+ 37. Bxe1 Qe8 38. Qxh7+ Kf8 39. Bh4 Qe5 40. f4
Qe2 41. Qf5+ Ke7 42. Ne4+ Ke8 43. Qe6+ Kf8 44. Be7+ Ke8 45. Bd6+ Kd8 46. Qe7+
Kc8 47. Qxc7# {Hossa checkmated} 1-0

[Event "ICS rated blitz match"]
[Site "204.178.125.65"]
[Date "2000.05.08"]
[Round "?"]
[White "Hossa"]
[Black "Baxpace"]
[Result "0-1"]
[WhiteElo "2553"]
[BlackElo "2707"]
[PlyCount "120"]
[EventDate "2000.??.??"]

1. e4 e5 2. Nf3 Nc6 3. Bb5 a6 4. Ba4 Nf6 5. O-O Be7 6. Re1 b5 7. Bb3 O-O 8. d3
d6 9. c3 Na5 10. Bc2 c5 11. d4 exd4 12. cxd4 Bb7 13. d5 Qc7 14. Nc3 Rae8 15. b3
Nd7 16. Bb2 b4 17. Ne2 c4 18. Bd4 Nc5 19. Nf4 Rc8 20. e5 dxe5 21. Bxe5 Qd7 22.
Qb1 g6 23. Bd4 Qc7 24. bxc4 Nxc4 25. Bb3 Nxb3 26. axb3 Qxf4 27. bxc4 Rfe8 28.
Qb3 Bf8 29. Rxe8 Rxe8 30. Qd1 h6 31. g3 Qd6 32. Qa4 Re2 33. Kf1 Re4 34. Qc2 Re8
35. Qb3 Qd7 36. Kg2 Qf5 37. Qd1 Bc8 38. Ng1 Bd6 39. Kh1 b3 40. Rc1 Bd7 41. Qd2
Kh7 42. f3 Qh5 43. Qf2 Bc7 44. Rb1 Rb8 45. Re1 Kg8 46. Re7 Rd8 47. Bf6 Qf5 48.
Qd4 Bd6 49. Rxf7 Kxf7 50. Bxd8 Be5 51. Qa7 h5 52. g4 hxg4 53. h3 gxf3 54. Nxf3
Qxf3+ 55. Kg1 Qg3+ 56. Kf1 Qd3+ 57. Kg2 Ke8 58. Qa8 Bxh3+ 59. Kf2 Bg3+ 60. Kg1
Qf1# {Hossa checkmated} 0-1

[Event "ICS rated blitz match"]
[Site "204.178.125.65"]
[Date "2000.05.08"]
[Round "?"]
[White "prg3"]
[Black "Hossa"]
[Result "1/2-1/2"]
[WhiteElo "2066"]
[BlackElo "2544"]
[PlyCount "70"]
[EventDate "2000.??.??"]

1. d4 Nf6 2. c4 e6 3. Nc3 Bb4 4. Qc2 d5 5. a3 Bxc3+ 6. Qxc3 Ne4 7. Qc2 c5 8.
cxd5 exd5 9. dxc5 Bf5 10. Qa4+ Nc6 11. Nf3 Nxc5 12. Qb5 Ne4 13. e3 O-O 14. Be2
a6 15. Qa4 Bg4 16. O-O Rc8 17. h3 Bxf3 18. Bxf3 Qe7 19. Rd1 Qh4 20. Bxe4 dxe4
21. Bd2 Rfe8 22. Bc3 Qe7 23. Rd2 Rcd8 24. Rad1 Rxd2 25. Rxd2 Ra8 26. Qc4 Rc8
27. Qb3 Rc7 28. Qd5 b6 29. Qf5 b5 30. Qd5 Qe8 31. Qc5 h6 32. Qb6 Qc8 33. Rd6
Kh7 34. Rd2 Kg8 35. Rd6 Kh7 1/2-1/2

[Event "ICS Rated blitz match"]
[Site "204.178.125.65"]
[Date "2000.05.08"]
[Round "?"]
[White "Baxpace"]
[Black "Hossa"]
[Result "1-0"]
[WhiteElo "2716"]
[BlackElo "2530"]
[PlyCount "135"]
[EventDate "2000.??.??"]

1. e4 e5 2. Nf3 Nc6 3. Bb5 a6 4. Ba4 Nf6 5. O-O Be7 6. Re1 b5 7. Bb3 O-O 8. c3
d6 9. h3 Bb7 10. d4 Na5 11. Bc2 Nc4 12. b3 Nb6 13. Nbd2 exd4 14. Nxd4 Re8 15.
Qf3 Nbd7 16. a4 Ne5 17. Qe3 c5 18. Nf5 Qc7 19. Qg5 Ng6 20. Bb2 d5 21. exd5 Nxd5
22. Nxe7+ Ndxe7 23. axb5 axb5 24. Ra3 Nf4 25. Rxa8 Bxa8 26. c4 Nfg6 27. cxb5
Rd8 28. Nc4 h6 29. b6 Qc6 30. Qg3 Nd5 31. Be4 Re8 32. Nd6 Re6 33. Nf5 Qxb6 34.
Nxg7 Nc3 35. Qxc3 Rxe4 36. Rxe4 Bxe4 37. Nf5 Kf8 38. Qg7+ Ke8 39. Qg8+ Kd7 40.
Qxf7+ Kc8 41. Qe8+ Kc7 42. Be5+ Nxe5 43. Qxe5+ Kc8 44. Nd6+ Kd7 45. Nxe4 Kc6
46. Qe6+ Kc7 47. Qd5 c4 48. Qxc4+ Kb8 49. Nc5 Qd6 50. Na6+ Kb7 51. Qb5+ Kc8 52.
Qc5+ Kd7 53. Qxd6+ Kxd6 54. b4 Kc6 55. f4 Kb5 56. f5 Kxa6 57. f6 h5 58. f7 Kb5
59. f8=Q Kc6 60. Qc5+ Kd7 61. Qxh5 Kc6 62. Qc5+ Kd7 63. b5 Ke6 64. b6 Kd7 65.
b7 Ke6 66. b8=Q Kf7 67. Qbf8+ Ke6 68. Qcf5# {Hossa checkmated} 1-0

[Event "ICS rated standard match"]
[Site "204.178.125.65"]
[Date "2000.05.08"]
[Round "?"]
[White "bawon"]
[Black "Hossa"]
[Result "0-1"]
[WhiteElo "2081"]
[BlackElo "2360"]
[PlyCount "22"]
[EventDate "2000.??.??"]

1. e4 e5 2. Nc3 Nc6 3. Bc4 Nf6 4. d3 Na5 5. f4 Nxc4 6. dxc4 Bb4 7. fxe5 Nxe4 8.
Qg4 Nxc3 9. a3 d5 10. Qxg7 Qh4+ 11. g3 Qe4+ {bawon resigns} 0-1

[Event "ICS rated standard match"]
[Site "204.178.125.65"]
[Date "2000.05.08"]
[Round "?"]
[White "bawon"]
[Black "Hossa"]
[Result "1-0"]
[WhiteElo "2071"]
[BlackElo "2370"]
[PlyCount "147"]
[EventDate "2000.??.??"]

1. e4 e5 2. Nc3 Nf6 3. Bc4 Nxe4 4. Qh5 Nd6 5. Qxe5+ Qe7 6. Qxe7+ Bxe7 7. Bb3
Nf5 8. Nf3 c6 9. g4 Nh4 10. Nxh4 Bxh4 11. Ne4 Be7 12. h3 d5 13. Ng3 a5 14. a4
O-O 15. d4 Re8 16. Be3 Bb4+ 17. c3 Bd6 18. Kd2 Be6 19. Bc2 Nd7 20. Nf5 Bf8 21.
f3 Nb6 22. b3 Nd7 23. h4 b6 24. h5 f6 25. Rag1 h6 26. f4 Ba3 27. g5 hxg5 28.
fxg5 fxg5 29. Rxg5 Bxf5 30. Bxf5 Nf6 31. h6 Ra7 32. Rhg1 Bf8 33. Rg6 Rf7 34.
Bf4 Nh5 35. hxg7 Bxg7 36. Bh6 Rxf5 37. Bxg7 Rf2+ 38. Kd1 Nxg7 39. Rxg7+ Kf8 40.
Rg8+ Kf7 41. R1g7+ Kf6 42. Rxe8 Kxg7 43. Rb8 Rf3 44. Kd2 Rf2+ 45. Ke3 Rc2 46.
Kd3 Rg2 47. Rxb6 Rg3+ 48. Kc2 Kf7 49. Rxc6 Rg2+ 50. Kb1 Rg1+ 51. Kb2 Rg2+ 52.
Ka3 Rc2 53. Rd6 Rxc3 54. Rxd5 Rd3 55. Rxa5 Rxd4 56. Rc5 Rd1 57. a5 Ke6 58. Ka4
Rd7 59. b4 Rf7 60. a6 Ra7 61. b5 Kd6 62. Rc3 Ke5 63. Ka5 Kd4 64. Rc8 Ke3 65. b6
Re7 66. a7 Re5+ 67. Ka6 Rh5 68. a8=Q Rh4 69. Re8+ Kd2 70. Qd8+ Kc3 71. Qxh4 Kc2
72. Re3 Kd1 73. Qh2 Kc1 74. Re1# {Hossa checkmated} 1-0

[Event "ICS rated standard match"]
[Site "204.178.125.65"]
[Date "2000.05.08"]
[Round "?"]
[White "bawon"]
[Black "Hossa"]
[Result "0-1"]
[WhiteElo "2092"]
[BlackElo "2349"]
[PlyCount "44"]
[EventDate "2000.??.??"]

1. e4 e5 2. Nc3 Nf6 3. f4 d5 4. fxe5 Nxe4 5. Nf3 Be7 6. Bd3 Nxc3 7. dxc3 Nc6 8.
Bf4 O-O 9. Qd2 Bg4 10. O-O-O Bc5 11. h3 Bc8 12. Ng5 h6 13. Nh7 Re8 14. Rde1 Re6
15. g4 d4 16. Bf5 dxc3 17. Qxd8+ Nxd8 18. g5 Rb6 19. Bxc8 cxb2+ 20. Kb1 Rxc8
21. Nf6+ gxf6 22. gxf6 Kh7 {bawon resigns} 0-1

[Event "ICS rated standard match"]
[Site "204.178.125.65"]
[Date "2000.05.08"]
[Round "?"]
[White "Hossa"]
[Black "bawon"]
[Result "0-1"]
[WhiteElo "2355"]
[BlackElo "2086"]
[PlyCount "142"]
[EventDate "2000.??.??"]

1. e4 g6 2. d4 Bg7 3. Nc3 d6 4. Nf3 a6 5. Be3 b5 6. Bd3 Bb7 7. O-O Nd7 8. Qd2
c5 9. a4 b4 10. Ne2 Ngf6 11. Ng3 O-O 12. Rad1 cxd4 13. Bxd4 a5 14. Rfe1 Rc8 15.
Bb5 e5 16. Ba7 Nc5 17. Qxd6 Qxd6 18. Rxd6 Ncxe4 19. Nxe4 Bxe4 20. Rxf6 Bxf6 21.
Rxe4 Rxc2 22. Nxe5 Rc1+ 23. Bf1 Bxe5 24. Rxe5 Rd8 25. Be3 Rb1 26. Bh6 f6 27.
Rxa5 Rdd1 28. Ra8+ Kf7 29. Ra7+ Ke6 30. g4 Rxf1+ 31. Kg2 Rg1+ 32. Kf3 Rxb2 33.
Rxh7 g5 34. Rb7 Rf1 35. Ke4 Rfxf2 36. Rb6+ Kf7 37. Rb7+ Kg6 38. Bf8 Rf4+ 39.
Kd5 Rxg4 40. a5 b3 41. a6 Ra4 42. a7 Rxh2 43. Bc5 Rha2 44. Rxb3 Rxa7 45. Bxa7
Rxa7 46. Rb6 Re7 47. Kd6 Re5 48. Rc6 g4 49. Rc8 Kf5 50. Rb8 g3 51. Rb1 Kg4 52.
Kc7 g2 53. Rg1 Kg3 54. Kd7 Rf5 55. Rb1 Rf1 56. Rb3+ Kf4 57. Rb4+ Kg5 58. Rb5+
f5 59. Rb8 g1=Q 60. Rg8+ Kf6 61. Rf8+ Ke5 62. Re8+ Kd5 63. Kd8 Qa7 64. Re2 Rd1
65. Ke8 Rb1 66. Re7 Rb7 67. Kf7 Rxe7+ 68. Kg6 Rg7+ 69. Kh5 Qf7+ 70. Kh4 Qg6 71.
Kh3 Qg3# {Hossa checkmated} 0-1

[Event "ICS rated standard match"]
[Site "204.178.125.65"]
[Date "2000.05.08"]
[Round "?"]
[White "solus"]
[Black "Hossa"]
[Result "0-1"]
[WhiteElo "2120"]
[BlackElo "2329"]
[PlyCount "39"]
[EventDate "2000.??.??"]

1. e4 e5 2. Nf3 Nc6 3. d3 Nf6 4. g3 d5 5. Nbd2 Be7 6. Bg2 dxe4 7. dxe4 O-O 8.
O-O Bg4 9. c3 Qd3 10. Re1 Rfd8 11. h3 Bh5 12. g4 Bg6 13. Bf1 Qd7 14. Qe2 a6 15.
Bg2 h6 16. Nh2 Bc5 17. Ndf1 b6 18. Bd2 Qd3 19. Qxd3 Rxd3 20. Kh1 {solus resigns
} 0-1

[Event "ICS rated blitz match"]
[Site "204.178.125.65"]
[Date "2000.05.08"]
[Round "?"]
[White "Hossa"]
[Black "QueenMaxima"]
[Result "1-0"]
[WhiteElo "2524"]
[BlackElo "2478"]
[PlyCount "117"]
[EventDate "2000.??.??"]

1. e4 e5 2. Nf3 Nc6 3. Nc3 Nf6 4. Nxe5 Nxe5 5. d4 Ng6 6. e5 Ng8 7. Bc4 d6 8.
Qf3 Qd7 9. O-O dxe5 10. dxe5 Nxe5 11. Re1 Bd6 12. Bf4 f6 13. Bb5 c6 14. Rad1
Qe6 15. Qg3 g5 16. Bxe5 Bxe5 17. f4 Qg4 18. fxe5 Qxg3 19. hxg3 cxb5 20. exf6+
Kf7 21. Rd8 b4 22. Ne4 Kg6 23. Rf1 Nxf6 24. Rxf6+ Kg7 25. Rxh8 Kxh8 26. Rf8+
Kg7 27. Rd8 a5 28. Nd6 Ra6 29. Ne8+ Kf7 30. Rxc8 Re6 31. Nc7 Re1+ 32. Kh2 Rb1
33. b3 Rb2 34. Nb5 Kf6 35. Nd6 b6 36. g4 Ke7 37. Ne4 Kd7 38. Rh8 Rxa2 39. Rxh7+
Kc6 40. Nxg5 Rxc2 41. Nf3 Kd5 42. Rh5+ Ke4 43. Rh6 Rc3 44. g5 Kd5 45. g6 Rc7
46. Rh5+ Ke4 47. Rg5 Rg7 48. Nh4 Rg8 49. Kg3 Ra8 50. g7 Rg8 51. Nf5 Kd3 52. Kf4
Kc3 53. Rg3+ Kc2 54. Nd4+ Kb2 55. Ke5 a4 56. bxa4 Ka2 57. Kf6 b3 58. Rxb3 Rd8
59. Ne6 {QueenMaxima resigns} 1-0

[Event "ICS rated blitz match"]
[Site "204.178.125.65"]
[Date "2000.05.08"]
[Round "?"]
[White "QueenMaxima"]
[Black "Hossa"]
[Result "1/2-1/2"]
[WhiteElo "2458"]
[BlackElo "2538"]
[PlyCount "105"]
[EventDate "2000.??.??"]

1. e4 e5 2. Nf3 Nc6 3. Bb5 a6 4. Ba4 Nf6 5. O-O Be7 6. Re1 b5 7. Bb3 d6 8. c3
O-O 9. h3 Bb7 10. d4 Re8 11. Nbd2 Bf8 12. a3 h6 13. Bc2 Nb8 14. b4 Nbd7 15. Bb2
g6 16. Qb1 Bg7 17. Nb3 Rb8 18. Na5 Ba8 19. d5 Nb6 20. Qa2 Qd7 21. c4 bxc4 22.
Nxc4 Nxc4 23. Qxc4 Qb5 24. Qxc7 Rbc8 25. Qxd6 Rxc2 26. Bxe5 Nxe4 27. Rxe4 Qxd5
28. Ree1 Qxd6 29. Bxd6 Rxe1+ 30. Nxe1 Rxf2 31. Rc1 Rd2 32. Rc8+ Kh7 33. Bf4 Bb7
34. Rc7 Rd1 35. Rxb7 Rxe1+ 36. Kf2 Ra1 37. Rxf7 Kh8 38. Rb7 Ra2+ 39. Kf3 Rxa3+
40. Ke4 Ra1 41. Be3 Rb1 42. g3 Kg8 43. g4 Bf8 44. h4 Rxb4+ 45. Rxb4 Bxb4 46.
Bxh6 a5 47. h5 gxh5 48. gxh5 a4 49. Bc1 a3 50. Bxa3 Bxa3 51. h6 Kh8 52. h7 Kg7
53. h8=B+ 1/2-1/2

[Event "ICS rated blitz match"]
[Site "204.178.125.65"]
[Date "2000.05.08"]
[Round "?"]
[White "Hossa"]
[Black "cfd"]
[Result "1-0"]
[WhiteElo "2534"]
[BlackElo "2195"]
[PlyCount "81"]
[EventDate "2000.??.??"]

1. e4 d6 2. d4 e5 3. Nf3 Nd7 4. Nc3 Be7 5. Bb5 c6 6. Be2 Ngf6 7. O-O O-O 8.
dxe5 dxe5 9. a3 Qc7 10. Bd2 Nc5 11. Ng5 h6 12. b4 hxg5 13. bxc5 Nd7 14. Qc1
Nxc5 15. Bxg5 Bxg5 16. Qxg5 Be6 17. Rad1 Rad8 18. Rxd8 Rxd8 19. Qe3 b6 20. Qg5
f6 21. Qe3 Rd6 22. Qc1 Qd7 23. Qe3 Rd4 24. f4 Rd2 25. fxe5 fxe5 26. Bd3 Rxd3
27. cxd3 Qxd3 28. Qxd3 Nxd3 29. Rf3 Nc5 30. Kf2 b5 31. h4 a5 32. Ke3 b4 33.
axb4 axb4 34. Nd1 Na4 35. Rf1 c5 36. Nf2 c4 37. Ra1 Nc5 38. Ra5 Nd7 39. Kd2 c3+
40. Kc2 Bc4 41. Ra4 {cfd resigns} 1-0